Влияние геометрического профиля нефтепровода на точность определения параметров утечки; Современные проблемы математики и механики

Bibliographic Details
Parent link:Современные проблемы математики и механики.— 2012.— C. 239-243
Main Author: Мамонова Т. Е. Татьяна Егоровна
Other Authors: Черных А. А.
Summary:В фонде НТБ ТПУ отсутствует
Language:Russian
Published: 2012
Subjects:
Format: Book Chapter
KOHA link:https://koha.lib.tpu.ru/cgi-bin/koha/opac-detail.pl?biblionumber=601593

MARC

LEADER 00000naa0a2200000 4500
001 601593
005 20250829144809.0
035 |a (RuTPU)RU\TPU\tpu\26512 
035 |a RU\TPU\tpu\26489 
090 |a 601593 
100 |a 20150115d2012 k y0rusy50 ca 
101 0 |a rus 
102 |a RU 
200 1 |a Влияние геометрического профиля нефтепровода на точность определения параметров утечки  |f Т. Е. Мамонова, А. А. Черных 
333 |a В фонде НТБ ТПУ отсутствует 
463 1 |t Современные проблемы математики и механики  |o III Всероссийская молодежная научная конференция, 23-25 апреля 2012 г. : [материалы докладов под ред. А. И. Филькова]  |v C. 239-243  |d 2012 
610 1 |a труды учёных ТПУ 
700 1 |a Мамонова  |b Т. Е.  |c специалист в области информатики и вычислительной техники  |c доцент Томского политехнического университета, кандидат технических наук  |f 1983-  |g Татьяна Егоровна  |3 (RuTPU)RU\TPU\pers\29661  |9 14174 
701 1 |a Черных  |b А. А. 
801 1 |a RU  |b 63413507  |c 20150114 
801 2 |a RU  |b 63413507  |c 20150115  |g RCR 
942 |c BK